|
|
|
|
| LEADER |
00000cas a2200000 a 4500 |
| 001 |
vtls001420479 |
| 003 |
SK-MaSNL |
| 005 |
20260221113800.0 |
| 008 |
010913d19uu19uuxo u 0 0 0slo |
| 035 |
|
|
|a SNK000375314
|
| 040 |
|
|
|a SNK
|b slo
|c SNK
|e AACR2
|
| 041 |
0 |
|
|a slo
|
| 044 |
|
|
|a xo
|c SK
|
| 245 |
0 |
0 |
|a Úradný list
|
| 260 |
|
|
|a V Košiciach
|b Riaditeľstvo pošt a telegrafov
|c [19--?-1937]
|
| 910 |
|
|
|a snk
|
| 999 |
|
|
|c 2579
|d 4509
|
| 952 |
|
|
|0 0
|1 0
|4 0
|7 0
|a SNK
|b SNK
|d 2001-09-13
|l 0
|o snkČSB 3257/18/1937
|p 17A0315538
|r 2005-01-02 00:00:00
|t č. 1-53
|w 2026-02-21
|y PREZ
|
| 952 |
|
|
|0 0
|1 0
|4 0
|7 0
|a SNK
|b SNK
|d 2001-09-13
|l 0
|o snkČSB 3257/17/1936
|p 17A0315508
|r 2005-01-02 00:00:00
|t č. 1-49
|w 2026-02-21
|y PREZ
|
| 952 |
|
|
|0 0
|1 0
|4 0
|7 0
|a SNK
|b SNK
|d 2001-09-13
|l 0
|o snkČSB 3257/16/1935
|p 17A0315541
|r 2005-01-02 00:00:00
|t č. 1-30
|w 2026-02-21
|y PREZ
|